000 00619nam a2200229Ia 4500
003 OSt
005 20221007070822.0
006 a|||||r|||| 00| 0
007 ta
008 221006b |||||||| |||| 00| 0 eng d
024 _a29,933
037 _cTextual
040 _aFLL
_cFLL
_beng
041 _2eng
_aeng
082 _aX:87z7, K2;1
100 _aBaxter W.T. Ed.
_9341818
245 0 _aStudies in accounting theory
260 _aIllinois
_bRichard D. Irwin, Inc. Illinois
_c1962
300 _axiv,633p
_ccm.
942 _hX:87z7, K2;1
_cTEXL
_2CC
999 _c1141617
_d1141617